000 00496nam a2200157 i 4500
001 83334
003 ES-MaACL
005 20230906174819.0
007 t|
008 041116s1975 sp ||||1| spa d
245 0 0 _aSalarios
_b: cuarto trimestre y media mensual : año 1974 /
_cInstituto Nacional de Estadística.
260 _a[Madrid :
_bs.n.],
_c1975.
300 _aXI, 155 p. ;
_c23 cm.
710 2 _aInstituto Nacional de Estadística (España)
_95162
852 _aES-MaACL
_jE-8843
_bR.93153
999 _c83334
_d83334